Emprender: el objetivo marca tu rumbo (Registro nro. 12356)

Detalles MARC
000 -Cabecera
Campo de control de longitud fija 01070nam a22003617a 4500
005 - Fecha y hora de la última transacción
Campo de control 20250729114250.0
008 - Elementos de longitud fija--Información general
Campo de control de longitud fija 190923b2018 xxu||||| |||| 00| 0 spa d
020 ## - International Standard Book Number
Número Internacional Estándar del Libro (ISBN) 9789587716139
041 ## - Idioma
Código de idioma Español
082 ## - Clasificación Decimal Dewey
Número de clasificación 658.409.2 C834e
100 ## - Entrada principal--Autor personal
Nombre personal Cosme Vidal, José Carlos
9 (RLIN) 56131
245 ## - Título propiamente dicho
Título Emprender: el objetivo marca tu rumbo
260 ## - Pie de imprenta
Lugar de publicación, distribución, etc. Colombia
260 ## - Pie de imprenta
Nombre del editor, distribuidor, etc. Ecoe Ediciones
260 ## - Pie de imprenta
Fecha de publicación, distribución, etc. 2018
300 ## - Descripción física
Extensión 140 páginas
490 ## - Serie
Título de la Serie Dirección y Administración de Empresas
650 ## - Materia general
Temática (materia general) LIDERAZGO EJECUTIVO
650 ## - Materia general
Temática (materia general) LA PRIMER IDEA
650 ## - Materia general
Temática (materia general) PENSAMIENTO CREATIVO
650 ## - Materia general
Temática (materia general) EMPRENDER
650 ## - Materia general
Temática (materia general) EL EMPRENDEDOR
650 ## - Materia general
Temática (materia general) CUALIDADES NECESARIAS PARA SER UN AUTÉNTICO EMPRENDEDOR
650 ## - Materia general
Temática (materia general) HERRAMIENTAS PARA POTENCIAR LA CAPACIDAD DEL EMPRENDEDOR
650 ## - Materia general
Temática (materia general) INTELIGENCIA EMOCIONAL
650 ## - Materia general
Temática (materia general) TIPOS DE EMOCIONES
650 ## - Materia general
Temática (materia general) DESARROLLO DE HABILIDADES
650 ## - Materia general
Temática (materia general) MARCA PERSONAL
650 ## - Materia general
Temática (materia general) EL ENTORNO TIENE SUS REGLAS
650 ## - Materia general
Temática (materia general) EL RUMBO Y EL CAMINO
650 ## - Materia general
Temática (materia general) LIDERAZGO
942 ## - Punto de acceso adicional KOHA
Tipo de ítem KOHA Libro
Fuente del sistema de clasificación o colocación Dewey Decimal Classification
Existencias
Signatura completa Código de barras Programa Académico Tipo de ítem
658.409.2 C834e 24628 Dirección y Administración de Empresas Libro